Exile - Taylor Swift Lyrics - Statistics

General Stats
  • This quiz has been taken 23 times
  • The average score is 403 of 464
Answer Stats
Answer % Correct
a
100%
am
100%
and
100%
can
100%
do
100%
hear
100%
I
100%
i
100%
(I
100%
i'm
100%
in
100%
is
100%
like
100%
me
100%
my
100%
no
100%
not
100%
see
100%
so
100%
(so
100%
the
100%
there
100%
thin
100%
this
100%
we
100%
were
100%
who
100%
you
100%
(you
100%
your
100%
all
93%
(all
93%
anymore
93%
before
93%
but
93%
didn't
93%
(didn't
93%
door
93%
ending
93%
film
93%
for
93%
i've
93%
I've
93%
just
93%
now
93%
on
93%
out
93%
out)
93%
right
93%
seein'
93%
seen
93%
think
93%
time
93%
time)
93%
what
93%
always
86%
crying
86%
defending
86%
even
86%
exile
86%
gave
86%
he's
86%
his
86%
it
86%
leavin'
86%
many
86%
of
86%
side
86%
standing
86%
step
86%
to
86%
walked
86%
with
86%
you're
86%
amount
79%
arms
79%
around
79%
around)
79%
at
79%
body
79%
funny
79%
get
79%
here
79%
homeland
79%
honey
79%
line
79%
never
79%
(never
79%
problem
79%
second
79%
starin'
79%
third
79%
took
79%
understudy
79%
up
79%
very
79%
breaking
71%
chances
71%
crown
71%
five
71%
hall
71%
injury
71%
jokes
71%
laughin'
71%
leaving
71%
love
71%
minutes
71%
sign
71%
sign)
71%
signs)
71%
signs
71%
town
71%
turn
71%
us
71%
balancin'
64%
bloody
64%
couldn't
64%
eyes
64%
holdin'
64%
insult
64%
learned
64%
mind
64%
mind)
64%
offending
64%
pack
64%
read
64%
things
64%
turned
64%
warning
64%
you'd
64%
hundreth
57%
knuckles
57%
leave
57%
those
57%
whole
57%
add
50%
branches
50%
'cause
36%
ooh
36%
times)
36%
ah
14%
sings
14%
waning
7%
No matching quizzes found
Score Distribution
Percent of People with Each Score
Percentile by Number Answered
Your Score History
You have not taken this quiz